000 00396nam a2200145Ia 4500
008 240719s9999 xx 000 0 und d
041 _aeng
082 _a823 BHA
100 _aBhagat, Chetan
245 _a2 States The Story Of My Marriage
260 _aNew Delhi
_bRupa Publications India
_c2009
300 _a269;. P. 22 Cm
365 _cRS
520 _aGifted By : IMT Student Mr. amit ranjan
999 _c41423
_d41423